[Event "Challenge"]
[Site "http://www.queenalice.com/game.php?id=833641"]
[Date "2010.9.16"]
[Round "-"]
[White "drglaucoprado"]
[Black "yak1403"]
[Result "0-1"]
[WhiteElo "1668"]
[BlackElo "1625"]

1. e4 e5 2. b3 d6 3. g3 g6 4. Bb2 f5 5. exf5 Bxf5 6. d4 Bg7 7. Nf3 e4 8. Nfd2 d5
9. Bg2 Nf6 10. O-O Nc6 11. f3 O-O 12. fxe4 dxe4 13. Re1 Re8 14. Nc3 Qxd4+ 15.
Kh1 h5 16. Ndxe4 Qxd1 17. Raxd1 Nxe4 18. Bxe4 Bxe4+ 19. Kg1 Bxc2 20. Rxe8+ Rxe8
21. Rd7 Be5 22. Rd5 Bd6 23. Nb5 Re6 24. Ba3 Bxa3 25. Nxc7 Re2 26. Rd6 Bxd6 27.
Nd5 Rd2 28. Nf6+ Kf7 29. Nd7 Ke7 0-1

[Event "AUTO-ADV-1991"]
[Site "http://www.queenalice.com/game.php?id=866058"]
[Date "2010.12.1"]
[Round "1"]
[White "Panoramix"]
[Black "yak1403"]
[Result "1-0"]
[WhiteElo "1772"]
[BlackElo "1550"]

1. e4 e6 2. d4 d6 3. c4 a6 4. Nc3 h6 5. Nf3 g5 6. Bd3 b6 7. a3 Bd7 8. h3 c5 9.
d5 f5 10. dxe6 Bxe6 11. exf5 Bd7 12. Qe2+ Ne7 13. O-O Bg7 14. Bd2 Rf8 15. g4 Bf6
16. Rfe1 Nc6 17. Kg2 Kf7 18. Rab1 Qc7 19. Ne4 Rfe8 20. Rec1 Nd4 21. Nxd4 Bxd4
22. Be3 Be5 23. Rf1 Nc6 24. f4 gxf4 25. Bxf4 Bxf4 26. Rxf4 Nd4 27. Qf2 Re5 28.
Qh4 Kg7 29. Qh5 Be8 30. Qh4 Qf7 31. Nxd6 Qf6 32. Qxf6+ Kxf6 33. Kf2 Bc6 34. Be4
Ke7 35. Bxc6 Nxc6 36. Rd1 Rd8 37. f6+ Ke6 38. f7 Rf8 39. Kf3 1-0

[Event "AUTO-ADV-1991"]
[Site "http://www.queenalice.com/game.php?id=866059"]
[Date "2010.12.1"]
[Round "1"]
[White "yak1403"]
[Black "Panoramix"]
[Result "0-1"]
[WhiteElo "1558"]
[BlackElo "1764"]

1. e3 e5 2. d3 d5 3. g3 c5 4. a3 Nf6 5. h3 Nc6 6. h4 Qa5+ 7. c3 Bd6 8. b3 b5 9.
Nf3 O-O 10. Bg2 h6 11. O-O Bg4 12. Qd2 b4 13. cxb4 cxb4 14. Bb2 bxa3 15. Bxa3
Qxd2 16. Nfxd2 Bxa3 17. Rxa3 Rab8 18. f3 Be6 19. f4 exf4 20. Rxf4 Nh5 21. Rfa4
a5 22. e4 dxe4 23. Bxe4 Nd4 24. Rxd4 Nxg3 25. Kf2 Nxe4+ 26. Rxe4 Bf5 27. Rd4
Rfd8 28. Rxd8+ Rxd8 29. Rxa5 Bxd3 30. Nc3 Rc8 31. Nd5 Kh7 32. Nf4 Bc2 33. b4 g5
34. Nh5 gxh4 35. Nf6+ Kg6 36. Ng4 f5 37. Ne5+ Kg5 38. Ndf3+ Kf6 39. Ra6+ Kg7 0-1

[Event "AUTO-ADV-1991"]
[Site "http://www.queenalice.com/game.php?id=866072"]
[Date "2010.12.1"]
[Round "1"]
[White "yak1403"]
[Black "lat47"]
[Result "0-1"]
[WhiteElo "1519"]
[BlackElo "1840"]

1. e4 e5 2. c3 Nf6 3. d3 h6 4. g3 d6 5. h3 Be7 6. b4 O-O 7. Na3 a6 8. g4 Nfd7 9.
Nf3 b5 10. c4 c6 11. Be3 f6 12. Bg2 a5 13. Nc2 axb4 14. Nxb4 Bb7 15. a4 bxc4 16.
dxc4 d5 17. cxd5 Bxb4+ 18. Bd2 Bxd2+ 19. Nxd2 Nc5 20. f3 cxd5 21. Nb1 d4 22. Bf1
Ba6 23. Nd2 Qa5 24. Bxa6 Nbxa6 25. Ke2 Qc3 26. Kf1 Rab8 27. Rc1 Qd3+ 28. Qe2
Qxe2+ 29. Kxe2 Rb2 30. Rb1 Rfb8 31. a5 R8b3 32. Rhd1 Kh7 33. Kf1 Rxd2 34. Ke1
Rxd1+ 35. Kxd1 Rxb1+ 0-1

[Event "AUTO-ADV-1991"]
[Site "http://www.queenalice.com/game.php?id=866073"]
[Date "2010.12.1"]
[Round "1"]
[White "lat47"]
[Black "yak1403"]
[Result "1-0"]
[WhiteElo "1825"]
[BlackElo "1540"]

1. e4 e6 2. e5 d5 3. d4 c6 4. Nf3 f5 5. Be2 h6 6. O-O g5 7. Qd3 g4 8. Nfd2 h5 9.
Nb3 b6 10. c4 a5 11. a4 Ba6 12. Qc2 Nh6 13. Bf4 Nf7 14. N1d2 Bh6 15. Bxh6 Rxh6
16. Rfe1 Ng5 17. c5 Ne4 18. Nxe4 dxe4 19. Rad1 b5 20. axb5 Bxb5 21. Bxb5 cxb5
22. c6 Ra7 23. Qc5 Ra6 24. c7 Qc8 25. cxb8=Q Qxb8 26. d5 a4 27. Nd4 exd5 28.
Nxf5 Rh7 29. Rxd5 Rb6 30. Red1 Rbb7 31. Nd6+ 1-0

[Event "AUTO-ADV-1991"]
[Site "http://www.queenalice.com/game.php?id=866074"]
[Date "2010.12.1"]
[Round "1"]
[White "yak1403"]
[Black "juanluciano"]
[Result "0-1"]
[WhiteElo "1568"]
[BlackElo "1835"]

1. e4 e5 2. f3 Nf6 3. d3 Bc5 4. h4 O-O 5. a3 d5 6. g4 dxe4 7. dxe4 Qxd1+ 8. Kxd1
Nc6 9. g5 Nh5 10. Ne2 Be6 11. b4 Rad8+ 12. Bd2 Be3 13. Nec3 Bxd2 14. Nxd2 Nd4
15. Bd3 Nf4 16. Rh2 Nxd3 17. cxd3 Nxf3 18. Nxf3 Rxd3+ 19. Kc2 Rxf3 20. Nb5 a6
21. Nxc7 Rc8 22. Kd2 Rxc7 23. Ke2 Bg4 24. Kd2 Rc4 25. Rc1 b5 26. Rhh1 Rxa3 27.
Rxc4 bxc4 28. Rc1 Be6 29. Rb1 Rh3 30. Ra1 Rd3+ 31. Kc2 Rd6 32. b5 Bc8 33. Kc3
axb5 34. Kb4 Ra6 0-1

[Event "AUTO-ADV-1991"]
[Site "http://www.queenalice.com/game.php?id=866075"]
[Date "2010.12.1"]
[Round "1"]
[White "juanluciano"]
[Black "yak1403"]
[Result "1-0"]
[WhiteElo "1840"]
[BlackElo "1563"]

1. e4 e6 2. d4 c6 3. Nf3 b5 4. Bd3 a5 5. O-O h6 6. Nc3 b4 7. Na4 g5 8. Re1 Nf6
9. Be3 Ba6 10. h3 d5 11. e5 Nh5 12. Bxa6 Nxa6 13. Qd2 Rg8 14. Nh2 Qc7 15. Ng4
Bg7 16. a3 Bf8 17. Nc5 Bxc5 18. dxc5 Ke7 19. Nh2 Kd7 20. Nf3 f5 21. Bd4 Nf4 22.
Qe3 Qb7 23. a4 Rab8 24. Nd2 Ng6 25. Nb3 Qc7 26. Nc1 f4 27. Qd3 Nh4 28. Qh7+ Kc8
29. Qxh6 Kb7 30. Qxe6 Rbe8 31. Qg4 Qe7 32. Nb3 Qd8 33. Re2 Nc7 34. Nxa5+ Ka6 35.
Nb3 1-0

[Event "AUTO-INT-1887"]
[Site "http://www.queenalice.com/game.php?id=866129"]
[Date "2010.12.1"]
[Round "1"]
[White "yak1403"]
[Black "cristianoreboucas"]
[Result "0-1"]
[WhiteElo "1543"]
[BlackElo "1518"]

1. e3 e5 2. h4 g5 3. g3 d6 4. c3 Na6 5. a3 Nf6 6. f3 Bh6 7. b4 b6 8. hxg5 Bxg5
9. Bg2 Bb7 10. Nh3 Bh6 11. Nf2 Bg7 12. f4 Bxg2 13. Rh2 Bb7 14. Ng4 Nxg4 15. Qxg4
Qf6 16. a4 Qg6 17. Qxg6 fxg6 18. Na3 exf4 19. gxf4 O-O-O 20. Bb2 Rde8 21. O-O-O
h5 22. Rg1 Rh6 23. b5 Nc5 24. f5 Be5 25. Rf2 Nd3+ 26. Kc2 Nxf2 27. Nc4 Be4+ 28.
Kb3 h4 0-1

[Event "AUTO-INT-1887"]
[Site "http://www.queenalice.com/game.php?id=866130"]
[Date "2010.12.1"]
[Round "1"]
[White "cristianoreboucas"]
[Black "yak1403"]
[Result "0-1"]
[WhiteElo "1453"]
[BlackElo "1516"]

1. c4 e5 2. Nc3 d6 3. e4 f6 4. g4 b6 5. f3 h6 6. d3 a5 7. Nh3 g5 8. Be3 Na6 9.
a3 Ne7 10. Qd2 Bg7 11. Qc2 Bd7 12. Bg2 O-O 13. O-O-O Ng6 14. Ng1 c5 15. Bf2 Rb8
16. a4 Nb4 17. Qb1 Nf4 18. Bf1 Qe8 19. b3 Bc6 20. Nge2 Nxe2+ 21. Bxe2 Qd7 22. h3
Qb7 23. Be1 Rbd8 24. Nd5 Bxd5 25. exd5 Qf7 26. Rf1 h5 27. Bxb4 hxg4 28. Bd2 gxh3
29. Rh1 Qh5 30. Rh2 f5 31. Rdh1 g4 32. fxg4 fxg4 33. Rxh3 Qg6 34. Rg3 Qf5 35.
Kd1 Rd7 36. Bxg4 Qf2 37. Be1 Qf4 38. Bxd7 Rf6 39. Qc1 Kf7 0-1

[Event "AUTO-INT-1887"]
[Site "http://www.queenalice.com/game.php?id=866131"]
[Date "2010.12.1"]
[Round "1"]
[White "yak1403"]
[Black "pokemon"]
[Result "0-1"]
[WhiteElo "1622"]
[BlackElo "1619"]

1. e4 c6 2. d4 d5 3. f3 Nf6 4. c3 e6 5. h4 dxe4 6. Bg5 exf3 7. Qxf3 Be7 8. b4
Nd5 9. Bxe7 Qxe7 10. Nd2 O-O 11. O-O-O a5 12. b5 Qa3+ 13. Kb1 Qxc3 14. Qxc3
Nxc3+ 15. Kc2 Nxd1 16. Kxd1 Bd7 17. bxc6 Bxc6 18. Ngf3 Rd8 19. h5 Na6 20. Rh3
Bxf3+ 21. gxf3 Rxd4 22. Rh2 Nc5 23. Kc2 Rc8 24. Kc3 Rd5 25. Nb3 Na4# 0-1

[Event "AUTO-INT-1887"]
[Site "http://www.queenalice.com/game.php?id=866132"]
[Date "2010.12.1"]
[Round "1"]
[White "pokemon"]
[Black "yak1403"]
[Result "1-0"]
[WhiteElo "1635"]
[BlackElo "1592"]

1. d4 e6 2. e3 d6 3. Nf3 h6 4. Bd3 g5 5. Nbd2 a6 6. c3 b5 7. O-O f5 8. e4 g4 9.
Ne1 h5 10. exf5 exf5 11. Nc2 Be7 12. Re1 Nf6 13. Ne3 Bb7 14. Nxf5 Nc6 15. Ne4
Nxe4 16. Rxe4 Kf7 17. Qb3+ d5 18. Re2 Bc8 19. Nxe7 Nxe7 20. Bg5 Be6 21. Rae1 Qd6
22. Rxe6 Qxe6 23. Rxe6 Kxe6 24. Qd1 Nc6 25. Qe2+ Kd7 26. Bf5+ 1-0

[Event "AUTO-INT-1887"]
[Site "http://www.queenalice.com/game.php?id=866133"]
[Date "2010.12.1"]
[Round "1"]
[White "yak1403"]
[Black "Korchnoico"]
[Result "0-1"]
[WhiteElo "1580"]
[BlackElo "1830"]

1. e4 c5 2. d3 e6 3. f3 d5 4. e5 Nc6 5. f4 Qh4+ 6. g3 Qd8 7. a3 f6 8. exf6 Nxf6
9. c3 Be7 10. Nf3 O-O 11. d4 cxd4 12. Nxd4 Nxd4 13. Qxd4 Qb6 14. Qxb6 axb6 15.
b4 Rd8 16. Ra2 Nd7 17. Re2 Nf6 18. Bh3 Ne4 19. O-O Bf6 20. Bg2 Nxc3 21. Nxc3
Bxc3 22. Bh3 Re8 23. Bb2 Bxb2 24. Rxb2 Rxa3 25. Rc1 Ra8 26. Rbc2 Bd7 27. Rc7 Bc6
28. b5 Bxb5 29. Rxb7 Rab8 30. Bxe6+ Kh8 31. Bxd5 Rxb7 32. Bxb7 g6 33. Rb1 Bd3
34. Rxb6 Kg7 35. Rd6 Bc4 36. Rd7+ Kh6 37. g4 Re1+ 38. Kf2 Re2+ 0-1

[Event "AUTO-INT-1887"]
[Site "http://www.queenalice.com/game.php?id=866134"]
[Date "2010.12.1"]
[Round "1"]
[White "Korchnoico"]
[Black "yak1403"]
[Result "1-0"]
[WhiteElo "1823"]
[BlackElo "1587"]

1. e4 e6 2. d4 c6 3. f3 b5 4. c4 a6 5. cxb5 axb5 6. Ne2 h6 7. b3 g5 8. Bb2 f6 9.
a4 bxa4 10. Rxa4 Rxa4 11. bxa4 d5 12. Nec3 Bb4 13. Ba3 Bxc3+ 14. Nxc3 Ne7 15.
Bd3 O-O 16. exd5 exd5 17. O-O Bf5 18. Bb1 Bxb1 19. Qxb1 Kg7 20. f4 Rf7 21. fxg5
hxg5 22. Ne2 Nd7 23. Ng3 Ng8 24. Nh5+ Kh6 25. g4 Qe8 26. Ng3 Qe3+ 27. Kh1 Qxa3
28. Nf5+ Kg6 29. Nd6+ Kg7 30. Nxf7 Qe7 31. Ne5 Nxe5 32. dxe5 Qxe5 33. Re1 Qf4
34. Qd1 Nh6 35. Re7+ Kf8 36. Qe2 Qb8 37. Rd7 Qe8 38. Qxe8+ Kxe8 39. Rc7 1-0

[Event "AUTO-OPEN-2183"]
[Site "http://www.queenalice.com/game.php?id=866215"]
[Date "2010.12.1"]
[Round "1"]
[White "Marcvs"]
[Black "yak1403"]
[Result "1-0"]
[WhiteElo "1665"]
[BlackElo "1606"]

1. e4 e6 2. d4 c6 3. e5 g6 4. Nf3 b5 5. c3 h5 6. Bd3 a5 7. Be3 d5 8. Qe2 b4 9.
cxb4 axb4 10. b3 Ba6 11. Bxa6 Nxa6 12. O-O Qc7 13. a3 Nb8 14. a4 Nh6 15. Nbd2
Ng4 16. Qd3 Nd7 17. h3 Nxe3 18. Qxe3 Bh6 19. Qd3 O-O 20. Nh4 Qd8 21. Ra2 Rc8 22.
a5 Bg5 23. Nhf3 Kg7 24. Nxg5 Qxg5 25. a6 c5 26. a7 Nb6 27. Nf3 Qe7 28. Rfa1 Na8
29. Ra6 Rc7 30. R1a5 Rfc8 31. h4 f6 32. exf6+ Qxf6 33. Ng5 Qxd4 34. Nxe6+ Kf7
35. Nxd4 1-0

[Event "AUTO-OPEN-2183"]
[Site "http://www.queenalice.com/game.php?id=866216"]
[Date "2010.12.1"]
[Round "1"]
[White "yak1403"]
[Black "Marcvs"]
[Result "0-1"]
[WhiteElo "1578"]
[BlackElo "1679"]

1. e3 e5 2. d3 d5 3. g3 Nc6 4. h4 Nf6 5. Be2 Be6 6. a3 Bd6 7. b4 d4 8. Nf3 Qd7
9. Ng5 h6 10. Nxe6 Qxe6 11. c4 dxe3 12. fxe3 O-O 13. Bb2 h5 14. Nd2 b6 15. Bf3
Ng4 16. Bxg4 hxg4 17. Qe2 Ne7 18. O-O-O a5 19. b5 f5 20. Rhf1 g6 21. a4 c6 22.
Rf2 cxb5 23. axb5 a4 24. Rdf1 a3 25. Bc3 Ra4 26. Nb1 a2 27. Qc2 Rfa8 28. Ba1
axb1=Q+ 29. Qxb1 Ba3+ 30. Bb2 Bxb2+ 31. Kxb2 Qd6 32. Kc3 Ra3+ 33. Kc2 Ra2+ 34.
Kc3 R8a3+ 35. Qb3 Rxb3+ 36. Kxb3 Qa3# 0-1

[Event "AUTO-OPEN-2183"]
[Site "http://www.queenalice.com/game.php?id=866235"]
[Date "2010.12.1"]
[Round "1"]
[White "yclaudiu35"]
[Black "yak1403"]
[Result "0-1"]
[WhiteElo "1877"]
[BlackElo "1566"]

1. e4 e6 2. Nf3 d6 3. d4 a6 4. Bc4 b5 5. Bb3 h6 6. O-O g5 7. c4 f5 8. exf5 exf5
9. cxb5 axb5 10. Qe2+ Be7 11. Nc3 c6 12. d5 Ba6 13. dxc6 b4 14. Nd5 Bxe2 15. Nd4
Bxf1 16. Ne6 Qc8 17. Kxf1 Ra5 18. Nec7+ Kd8 19. Ne6+ Ke8 20. Nd4 Nxc6 21. Nxc6
Qxc6 22. Nxb4 Qb5+ 23. Kg1 Qxb4 0-1

[Event "AUTO-OPEN-2183"]
[Site "http://www.queenalice.com/game.php?id=866236"]
[Date "2010.12.1"]
[Round "1"]
[White "yak1403"]
[Black "yclaudiu35"]
[Result "0-1"]
[WhiteElo "1543"]
[BlackElo "1865"]

1. e3 e5 2. d3 Nc6 3. a3 Qf6 4. h4 Bc5 5. b4 Bb6 6. Bb2 d6 7. c4 a6 8. g3 Nh6 9.
Be2 Ne7 10. Bf3 c6 11. Nd2 Bf5 12. e4 Bg4 13. Rh2 d5 14. Bxg4 O-O 15. c5 Bc7 16.
f4 Nxg4 17. Qxg4 d4 18. Nc4 exf4 19. Rf2 Ng6 20. Ne2 Be5 21. h5 Qe6 22. Qxe6
fxe6 23. Nb6 Rad8 24. gxf4 Nxf4 25. Nxf4 Bxf4 26. Bxd4 Rxd4 27. Rd1 Bg3 28. Rd2
Bxf2+ 29. Rxf2 Rxd3 30. Rxf8+ Kxf8 31. Nc4 Rc3 32. Nd6 Rxa3 33. Nxb7 Re3+ 34.
Kd2 Rxe4 35. Kc3 Re5 36. Nd8 Rxh5 37. Nxe6+ Kg8 38. Nd4 Rh6 39. Kb3 g5 40. Nxc6
Rxc6 0-1

[Event "AUTO-OPEN-2183"]
[Site "http://www.queenalice.com/game.php?id=866247"]
[Date "2010.12.1"]
[Round "1"]
[White "yak1403"]
[Black "Korchnoico"]
[Result "0-1"]
[WhiteElo "1594"]
[BlackElo "1816"]

1. e4 e6 2. f3 Nf6 3. h4 d5 4. d3 dxe4 5. fxe4 e5 6. a3 Bc5 7. b4 Be7 8. Be2 Nc6
9. c3 Be6 10. c4 Nd4 11. Bb2 Nc6 12. Nd2 Nd4 13. Bxd4 Qxd4 14. Qc2 Qxa1+ 15. Qb1
Qxa3 16. b5 O-O 17. Ngf3 Qd6 18. Qb2 a6 19. O-O a5 20. Ra1 Nd7 21. g3 f5 22.
exf5 Bf7 23. Ne4 Qh6 24. Kf2 Bf6 25. Qd2 Rfd8 26. Qxh6 gxh6 27. Nxf6+ Nxf6 28.
Nxe5 Re8 29. Nxf7 Kxf7 30. g4 Nd7 31. Bf3 Ra7 32. g5 hxg5 33. Bh5+ Kf8 34. Bxe8
Kxe8 35. hxg5 Kf7 36. Rg1 a4 37. g6+ hxg6 38. fxg6+ Kg7 0-1

[Event "AUTO-OPEN-2183"]
[Site "http://www.queenalice.com/game.php?id=866248"]
[Date "2010.12.1"]
[Round "1"]
[White "Korchnoico"]
[Black "yak1403"]
[Result "1-0"]
[WhiteElo "1836"]
[BlackElo "1574"]

1. e4 e6 2. d4 d6 3. Nf3 h6 4. c4 g5 5. d5 a6 6. Be2 Nf6 7. Nc3 e5 8. Be3 c5 9.
O-O Bg7 10. Nd2 Bd7 11. f3 O-O 12. g3 a5 13. g4 Na6 14. a3 h5 15. h3 Bh6 16. Kg2
h4 17. Rf2 b6 18. Qc2 Ra7 19. Rb1 Qe8 20. Nb5 Bxb5 21. cxb5 Nc7 22. a4 Nd7 23.
Nc4 Qe7 24. Kh2 f6 25. b3 Rb7 26. Nd2 Re8 27. Nc4 Kg7 28. Rbf1 Rbb8 29. Bc1 Qf7
30. Bd2 Kf8 31. Bd1 Ke7 32. Be3 Rg8 33. Bc1 Qg6 34. Qe2 Ne8 35. Be3 Ng7 36. Bc2
Rgd8 37. Bc1 Qf7 38. Be3 1-0

[Event "Kraj´s Challenge"]
[Site "http://www.queenalice.com/game.php?id=875024"]
[Date "2010.12.22"]
[Round "-"]
[White "Krajnicov"]
[Black "yak1403"]
[Result "1-0"]
[WhiteElo "1505"]
[BlackElo "1529"]

1. e4 e5 2. Qf3 f6 3. Bc4 g6 4. g4 d6 5. g5 f5 6. exf5 Bxf5 7. Nc3 c6 8. a4 d5
9. Bb3 Qxg5 10. d3 Qg4 11. Qe3 e4 12. Nge2 h5 13. Rg1 Qh3 14. Qg5 Kf7 15. Rg3
Qxh2 16. Ng1 Bd6 17. f4 h4 18. Rg2 Qh1 19. Be3 Be7 20. dxe4 Bxg5 21. fxg5 Qxg2
22. Nce2 Bxe4 23. Kd2 Ne7 24. Bd4 Qxg5+ 25. Kc3 Re8 26. Rf1+ Nf5 27. Nh3 Qg2 28.
Ng5+ Qxg5 29. Rg1 Ng3 30. Kb4 Qd2+ 31. Kc5 Nxe2 32. Rf1+ Ke6 33. Rf6+ Kd7 34.
Rf7+ Ke6 35. Bc3 b6+ 36. Kb4 a5+ 37. Ka3 Qc1 38. Rf6+ Kd7 39. Rf2 Nxc3 40. Rf7+
Ke6 41. Rh7 1-0

[Event "Challenge"]
[Site "http://www.queenalice.com/game.php?id=883044"]
[Date "2011.1.8"]
[Round "-"]
[White "yak1403"]
[Black "spin"]
[Result "0-1"]
[WhiteElo "1535"]
[BlackElo "1547"]

1. e4 e5 2. d3 d5 3. Nc3 Bb4 4. a3 Bxc3+ 5. bxc3 d4 6. c4 f5 7. Qe2 Nf6 8. g3
fxe4 9. Bg5 Bg4 10. f3 exf3 11. Nxf3 h6 12. Bh4 O-O 13. h3 Bxf3 14. Qxf3 g5 15.
Bxg5 hxg5 16. g4 Nh5 17. Qxb7 Nd7 18. Qd5+ Kg7 19. gxh5 Qe7 20. Bg2 Rab8 21. Qe4
Nc5 22. Qg6+ Kh8 23. Rf1 Rxf1+ 24. Bxf1 Rb6 25. Ke2 Rxg6 0-1